Platené zdravotné voľno
Možnosti čerpania voľna zamestnancom s náhradou mzdy.
Guardado en:
| Autor principal: | |
|---|---|
| Formato: | Capítulo de libro |
| Lenguaje: | eslovaco |
| Materias: | |
| Etiquetas: |
Sin Etiquetas, Sea el primero en etiquetar este registro!
|
MARC
| LEADER | 00000naa a2200000 4500 | ||
|---|---|---|---|
| 001 | 0223235 | ||
| 005 | 20240502073643.1 | ||
| 041 | 0 | |a slo | |
| 044 | |a SK | ||
| 245 | 1 | 0 | |a Platené zdravotné voľno |c Ľuboš Pavelka |
| 520 | |a Možnosti čerpania voľna zamestnancom s náhradou mzdy. | ||
| 610 | 2 | 0 | |a náhrada mzdy |
| 610 | 2 | 0 | |a voľno pracovné |
| 610 | 2 | 0 | |a zamestnanci |
| 610 | 2 | 0 | |a zamestnávatelia |
| 610 | 2 | 0 | |a zákonník práce |
| 100 | 1 | |a Pavelka, Ľuboš, 1962- | |